[Event "Steyr Landesliga 1516"]
[Site "Austria"]
[Date "2015.11.07"]
[Round "4.6"]
[White "Wurm, Christoph"]
[Black "Hatzl, Johannes"]
[Result "1-0"]
[WhiteElo "2077"]
[BlackElo "2118"]
[PlyCount "120"]
[EventDate "2015.09.26"]
[EventType "team-tourn"]
[EventRounds "11"]
[EventCountry "AUT"]
[SourceTitle "CBM 170 Extra"]
[Source "ChessBase"]
[SourceDate "2016.02.25"]
[SourceVersion "1"]
[SourceVersionDate "2016.02.25"]
[SourceQuality "1"]
[WhiteTeam "Leoben"]
[BlackTeam "Fuerstenfeld/Hartberg"]
[WhiteTeamCountry "AUT"]
[BlackTeamCountry "AUT"]

1. e4 d5 2. exd5 Qxd5 3. Nc3 Qd6 4. d4 Nf6 5. Be2 a6 6. Be3 g6 7. Qd2 Bg7 8. Nf3 b5 9. Bf4 Qb6 10. Bh6 0-0 11. Bxg7 Kxg7 12. 0-0 Bb7 13. Rfd1 Nbd7 14. Qe3 b4 15. Nb1 Nd5 16. Qg5 h6 17. Qg3 Qf6 18. Nbd2 Nf4 19. Bf1 Nb6 20. c4 e6 21. Re1 Rac8 22. Ne4 Bxe4 23. Rxe4 Nh5 24. Qe5 Qxe5 25. dxe5 g5 26. h4 f5 27. exf6+ Kxf6 28. Nd4 Rfe8 29. Rae1 c5 30. Rxe6+ Rxe6 31. Rxe6+ Kf7 32. Rxb6 cxd4 33. Rxh6 Nf4 34. Rd6 d3 35. Bxd3 gxh4 36. b3 Rg8 37. Be4 Re8 38. f3 Rg8 39. Bd5+ Nxd5 40. Rxd5 h3 41. g4 Re8 42. Rd2 Re3 43. Rf2 Kf6 44. Kh2 Kg5 45. Kg3 a5 46. Rh2 Rc3 47. Rxh3 a4 48. Rh5+ Kf6 49. bxa4 Rxc4 50. Rb5 Ke6 51. a5 Rc2 52. Rxb4 Rxa2 53. Rb5 Ra4 54. Rh5 Kf6 55. Rb5 Ke6 56. f4 Kf6 57. Rb6+ Kf7 58. a6 Kg7 59. g5 Kf7 60. Kg4 Ra1 1-0

[Event "Steyr Landesliga 1516"]
[Site "Austria"]
[Date "2015.10.10"]
[Round "2.7"]
[White "Horvath, Reka"]
[Black "Wurm, Christoph"]
[Result "0-1"]
[WhiteElo "2006"]
[BlackElo "2077"]
[PlyCount "90"]
[EventDate "2015.09.26"]
[EventType "team-tourn"]
[EventRounds "11"]
[EventCountry "AUT"]
[SourceTitle "EXT 2017"]
[Source "ChessBase"]
[SourceDate "2016.10.25"]
[SourceVersion "1"]
[SourceVersionDate "2016.10.25"]
[SourceQuality "1"]
[WhiteTeam "Feldbach Kirchberg"]
[BlackTeam "Leoben"]
[WhiteTeamCountry "AUT"]
[BlackTeamCountry "AUT"]

1. Nf3 c5 2. g3 Nc6 3. d4 cxd4 4. Nxd4 Qb6 5. e3 Nxd4 6. Qxd4 Qxd4 7. exd4 Nf6 8. Nc3 a6 9. Bg2 g6 10. Na4 Rb8 11. Nb6 Kd8 12. Bd2 d6 13. Ba5 Bf5 14. Nd5+ Kd7 15. Ne3 b6 16. Bb4 Be4 17. f3 Ba8 18. c4 Bh6 19. Kf2 Rhc8 20. Rac1 b5 21. f4 Bxg2 22. Kxg2 bxc4 23. Ba3 d5 24. Rhe1 e6 25. Kf3 Bf8 26. Bxf8 Rxf8 27. Rc2 Rfc8 28. Rec1 h5 29. Nd1 Ne8 30. h3 Nd6 31. g4 hxg4+ 32. hxg4 Rh8 33. Nf2 Rb5 34. Kg3 Ke7 35. Nd1 Ne4+ 36. Kf3 Rh3+ 37. Ke2 Rd3 38. Nc3 Nxc3+ 39. bxc3 Kf6 40. Rh1 Rg3 41. Rh2 Rxg4 42. Ke3 Rg1 43. Rb2 Rg3+ 44. Kf2 Rxb2+ 45. Kxg3 Rxh2 0-1

[Event "Steyr Landesliga 1314"]
[Site "Austria"]
[Date "2014.01.25"]
[Round "6.7"]
[White "Wurm, Christoph"]
[Black "Steiner, Peter"]
[Result "1-0"]
[WhiteElo "2094"]
[BlackElo "2014"]
[PlyCount "49"]
[EventDate "2013.09.28"]
[EventType "team-tourn"]
[EventRounds "11"]
[EventCountry "AUT"]
[SourceTitle "EXT 2015"]
[Source "ChessBase"]
[SourceDate "2014.11.20"]
[SourceVersion "1"]
[SourceVersionDate "2014.11.20"]
[SourceQuality "1"]
[WhiteTeam "Leoben"]
[BlackTeam "Pinggau Friedberg"]
[WhiteTeamCountry "AUT"]
[BlackTeamCountry "AUT"]

1. e4 c5 2. Nf3 Nc6 3. d4 cxd4 4. Nxd4 e5 5. Nb5 d6 6. a4 a6 7. N5c3 f5 8. Bd3 f4 9. Nd5 Nf6 10. Nbc3 Be7 11. Nxf6+ Bxf6 12. Bc4 Kf8 13. b3 Rb8 14. Ba3 Nd4 15. Qd3 Be7 16. b4 Be6 17. Bxe6 Nxe6 18. b5 axb5 19. axb5 Nc5 20. Bxc5 dxc5 21. Nd5 Qd6 22. 0-0 g5 23. Rfd1 Qe6 24. Nc7 Qg4 25. Qd5 1-0

[Event "Steyr Landesliga 1112"]
[Site "Austria"]
[Date "2011.11.12"]
[Round "5.6"]
[White "Wurm, Christoph"]
[Black "Zoedl, Heinrich"]
[Result "1-0"]
[WhiteElo "2083"]
[BlackElo "1985"]
[PlyCount "65"]
[EventDate "2011.09.24"]
[EventType "team-tourn"]
[EventRounds "11"]
[EventCountry "AUT"]
[SourceTitle "EXT 2013"]
[Source "ChessBase"]
[SourceDate "2012.11.22"]
[SourceVersion "1"]
[SourceVersionDate "2012.11.22"]
[SourceQuality "1"]
[WhiteTeam "Leoben"]
[BlackTeam "Frauental"]
[WhiteTeamCountry "AUT"]
[BlackTeamCountry "AUT"]

1. e4 d5 2. exd5 e5 3. dxe6 Bxe6 4. Nc3 Nf6 5. Nf3 Nbd7 6. d4 c6 7. Bf4 Bb4 8. Qd3 Qa5 9. a3 0-0-0 10. 0-0-0 Bxc3 11. Qxc3 Qxc3 12. bxc3 Ne4 13. Bg3 Nxc3 14. Re1 h6 15. Bd3 Rhe8 16. Kd2 Nd5 17. c4 N5f6 18. h3 Nb6 19. Kc3 Nh5 20. Bh2 g5 21. Re3 Nd7 22. Rhe1 Ng7 23. g4 f6 24. Nd2 c5 25. d5 Bf7 26. Ne4 Ne5 27. Nxf6 Nxd3 28. Nxe8 Nxe1 29. Nxg7 Ng2 30. Rf3 Rd7 31. Nf5 Ne1 32. Re3 Ng2 33. Re2 1-0

[Event "SJNR-ch U14"]
[Site "Kranenburg"]
[Date "2005.01.05"]
[Round "5"]
[White "Czybik, Nils Patrick"]
[Black "Wurm, Christoph"]
[Result "1-0"]
[WhiteElo "1741"]
[BlackElo "1394"]
[PlyCount "63"]
[EventDate "2005.01.02"]
[EventType "swiss"]
[EventRounds "7"]
[EventCountry "GER"]
[SourceTitle "EXT 2007"]
[Source "ChessBase"]
[SourceDate "2006.11.23"]
[SourceVersion "1"]
[SourceVersionDate "2006.11.23"]
[SourceQuality "1"]

1. e4 c5 2. Nf3 d6 3. c3 Nc6 4. d4 cxd4 5. cxd4 e6 6. Nc3 d5 7. e5 Bb4 8. a3 Bxc3+ 9. bxc3 Na5 10. Bd3 Ne7 11. Rb1 Qc7 12. Qc2 Ng6 13. h4 Nf8 14. Nd2 Bd7 15. 0-0 Rc8 16. Bb2 b5 17. f4 Nc4 18. Nxc4 bxc4 19. Be2 Rb8 20. Bg4 Ng6 21. a4 Nxh4 22. Ba3 Rxb1 23. Rxb1 Bc8 24. Bd6 Qd7 25. Rb8 Ng6 26. f5 Ne7 27. fxe6 fxe6 28. Qf2 Rf8 29. Qh4 Nf5 30. Bxf5 Rxf5 31. Rxc8+ Kf7 32. Rc7 1-0

[Event "AUT-chT2M 0203"]
[Site "Austria"]
[Date "2002.10.11"]
[Round "6"]
[White "Weiss, Christian"]
[Black "Wurm, Christoph"]
[Result "1-0"]
[WhiteElo "2422"]
[BlackElo "2155"]
[PlyCount "159"]
[EventDate "2002.10.11"]
[EventType "team"]
[EventRounds "11"]
[EventCountry "AUT"]
[SourceTitle "EXT 2004"]
[Source "ChessBase"]
[SourceDate "2003.11.25"]
[SourceVersion "1"]
[SourceVersionDate "2003.11.25"]
[SourceQuality "1"]

1. c4 e6 2. Nf3 d5 3. g3 c6 4. Qc2 Nf6 5. Bg2 Nbd7 6. 0-0 Bd6 7. b3 0-0 8. Nc3 Qe7 9. d3 Rd8 10. cxd5 exd5 11. e4 dxe4 12. dxe4 Ne5 13. Nh4 Bc5 14. Na4 Bd4 15. Bb2 Bxb2 16. Nxb2 Ng6 17. Nxg6 hxg6 18. Rfe1 Be6 19. Nd3 Rd4 20. Nf4 Rad8 21. Qc3 R4d7 22. h4 Ne8 23. Rac1 Nc7 24. Bf1 Qa3 25. Rc2 Rd1 26. Rxd1 Rxd1 27. Kg2 Qd6 28. Be2 Rd4 29. Qe3 Qd8 30. Bf3 a6 31. Kh2 Rd6 32. Qa7 Bc8 33. Qb8 Nb5 34. e5 Rd4 35. Re2 Qc7 36. Qxc7 Nxc7 37. Ng2 Ne6 38. Ne3 Rd8 39. Rb2 Kf8 40. Nc4 Ke7 41. Bg2 g5 42. hxg5 Nxg5 43. f4 Ne6 44. Nd6 Nd4 45. b4 Nf5 46. Ne4 Ne3 47. Bf3 Bg4 48. Bxg4 Nxg4+ 49. Kg2 Ne3+ 50. Kf3 Nc4 51. Re2 Rd3+ 52. Kf2 b6 53. Rc2 Rd4 54. Ng5 a5 55. Nf3 Re4 56. bxa5 Nxa5 57. Nd2 Rb4 58. Kf3 c5 59. a3 Ra4 60. Rc3 Nc6 61. Nc4 Nd4+ 62. Kg4 Ra6 63. Nd6 f6 64. Nf5+ Nxf5 65. Kxf5 fxe5 66. Kxe5 Ra8 67. Rb3 c4 68. Re3 b5 69. Kd5+ Kf7 70. Kc5 Rd8 71. Kb4 Kf6 72. Re5 Rd3 73. Rxb5 Rxg3 74. a4 c3 75. a5 Rf3 76. a6 c2 77. Rc5 Rxf4+ 78. Kb3 Rf3+ 79. Kb2 Rf2 80. Ra5 1-0

[Event "Imperia op-A 43rd"]
[Site "Imperia"]
[Date "2001.09.05"]
[Round "5.8"]
[White "Wurm, Christoph"]
[Black "Gross, David"]
[Result "1/2-1/2"]
[WhiteElo "2184"]
[BlackElo "2465"]
[PlyCount "108"]
[EventDate "2001.09.02"]
[EventType "swiss"]
[EventRounds "9"]
[EventCountry "ITA"]
[SourceTitle "EXT 2024"]
[Source "ChessBase"]
[SourceDate "2023.10.10"]
[SourceVersion "1"]
[SourceVersionDate "2023.10.10"]
[SourceQuality "1"]

1. e4 e5 2. Nf3 Nc6 3. Bb5 a6 4. Ba4 Nf6 5. d4 exd4 6. 0-0 Be7 7. Re1 b5 8. Bb3 d6 9. Bd5 Nxd5 10. exd5 Ne5 11. Nxd4 0-0 12. f4 Bg4 13. Qd2 Nc4 14. Qf2 Bh4 15. g3 Bf6 16. Nc6 Qd7 17. Nc3 Rfe8 18. Be3 Bxc3 19. bxc3 Nxe3 20. Rxe3 Rxe3 21. Qxe3 Re8 22. Qd3 Be2 23. Qd2 Bf3 24. Re1 Kf8 25. Rxe8+ Qxe8 26. Nb4 a5 27. Nc6 Qe4 28. Nxa5 Qxd5 29. Qxd5 Bxd5 30. Nb3 c5 31. Nc1 Ke7 32. Kf2 Ke6 33. Ke3 Kf5 34. a3 Kg4 35. Kf2 Kh3 36. Kg1 Kg4 37. Kf2 h6 38. h4 Bf3 39. Nd3 Bd1 40. Ne1 Kh3 41. c4 bxc4 42. a4 Bg4 43. Ng2 Bd7 44. a5 Bc6 45. Ne3 c3 46. Nd1 d5 47. Nxc3 d4 48. Nb1 Be4 49. Na3 Kg4 50. a6 Kf5 51. a7 Ke6 52. Nb5 Kd7 53. Ke2 f6 54. Kd2 g5 1/2-1/2

[Event "Verbandsliga Nord Baden 0001"]
[Site "Germany"]
[Date "2000.12.03"]
[Round "4.2"]
[White "Wurm, Christoph"]
[Black "Remmler, Hans Peter"]
[Result "1/2-1/2"]
[WhiteElo "2156"]
[BlackElo "2203"]
[PlyCount "30"]
[EventDate "2000.10.??"]
[EventType "team"]
[EventRounds "9"]
[EventCountry "GER"]
[SourceTitle "EXT 2004"]
[Source "ChessBase"]
[SourceDate "2003.11.25"]
[SourceVersion "1"]
[SourceVersionDate "2003.11.25"]
[SourceQuality "1"]
[WhiteTeam "Neckargemuend"]
[BlackTeam "Pforzheim"]
[WhiteTeamCountry "GER"]
[BlackTeamCountry "GER"]

1. e4 e5 2. Nf3 Nf6 3. Nxe5 d6 4. Nf3 Nxe4 5. d4 d5 6. Bd3 Nc6 7. 0-0 Be7 8. Re1 Bg4 9. c3 f5 10. Qb3 0-0 11. Nbd2 Na5 12. Qa4 Nc6 13. Qb3 Na5 14. Qa4 Nc6 15. Qb3 Na5 1/2-1/2

[Event "AUT-chT2S 0001"]
[Site "Austria"]
[Date "2000.10.07"]
[Round "1"]
[White "Wurm, Christoph"]
[Black "Eichhorn, Alfred"]
[Result "1/2-1/2"]
[WhiteElo "2137"]
[BlackElo "2178"]
[PlyCount "37"]
[EventDate "2000.??.??"]
[EventType "team"]
[EventRounds "11"]
[EventCountry "AUT"]
[SourceTitle "EXT 2002"]
[Source "ChessBase"]
[SourceDate "2001.11.25"]
[SourceVersion "1"]
[SourceVersionDate "2001.11.25"]
[SourceQuality "1"]

1. e4 c5 2. Nf3 d6 3. d4 cxd4 4. Nxd4 Nf6 5. Nc3 a6 6. f4 e5 7. Nf3 Qc7 8. Bd3 Nbd7 9. 0-0 Be7 10. a4 b6 11. Qe1 0-0 12. Nh4 exf4 13. Nf5 Ne5 14. Nxe7+ Qxe7 15. Bxf4 Bb7 16. Bg5 Ned7 17. Rf5 Qe6 18. Qh4 Rfe8 19. Raf1 1/2-1/2

[Event "Imperia op-A 42nd"]
[Site "Imperia"]
[Date "2000.09.03"]
[Round "1"]
[White "Wurm, Christoph"]
[Black "Bellia, Fabrizio"]
[Result "0-1"]
[WhiteElo "2155"]
[BlackElo "2350"]
[PlyCount "50"]
[EventDate "2000.09.03"]
[EventType "swiss"]
[EventRounds "9"]
[EventCountry "ITA"]
[SourceTitle "EXT 2001"]
[Source "ChessBase"]
[SourceDate "2000.11.22"]
[SourceVersion "1"]
[SourceVersionDate "2000.11.22"]
[SourceQuality "1"]

1. e4 d6 2. d4 Nf6 3. Nc3 g6 4. f3 c6 5. Be3 Qa5 6. Qd2 Nbd7 7. Nh3 b5 8. a3 Bg7 9. Nf2 a6 10. Be2 Qc7 11. Bh6 Bxh6 12. Qxh6 Bb7 13. 0-0 e5 14. dxe5 dxe5 15. Rfd1 0-0-0 16. b4 Nh5 17. g3 Nf8 18. Rxd8+ Qxd8 19. Rd1 Qe7 20. Nd3 Nf6 21. Bf1 N8d7 22. Bh3 Kb8 23. Kf2 Rd8 24. Qg5 h5 25. Bxd7 Ng4+ 0-1